000
00337nam a22001457a 4500
003
OSt
008
201120b ||||| |||| 00| 0 eng d
100
_a
NARAYAN, Shanti
245
_a
Elements of Real Analysis
250
_a
Rep.
260
_a
New Delhi
_b
S.Chand
_c
2020
300
_a
Misc
650
_a
B.Sc Non Medical
942
_2
ddc
_c
BK
999
_c
9280
_d
9280